000 00634nam a2200241 i 4500
001 C2-0284140
003 PPAK
005 20180728014046.0
008 071127s2004 mnua|||| ||||| | eng d
020 _a0736829350
040 _aPPAK
_beng
_cPPAK
_erda
082 0 4 _a428.6
_223
090 0 0 _a428.6
_bREE
_dK
100 1 _aReed, Janet,
_eauthor
245 1 0 _aParts of a whole
264 1 _aMinnesota :
_bCapstone Press ,
_c2004
300 _a17 pages :
_bcolour illustrations ;
_c20 cm
336 _2rdacontent
_atext
337 _2rdamedia
_aunmediated
338 _2rdacarrier
_avolume
650 1 0 _aReaders.
942 _ddc
_cB
999 _c90128
_d90128